Etudes d'histoire de la pensée scientifique (Record no. 43787)

MARC details
000 -LEADER
fixed length control field 00714 a2200229 4500
003 - CONTROL NUMBER IDENTIFIER
control field 0
005 - DATE AND TIME OF LATEST TRANSACTION
control field 20160609163747.0
008 - FIXED-LENGTH DATA ELEMENTS--GENERAL INFORMATION
fixed length control field 100728t xxu||||| |||| 00| 0 eng d
020 ## - NUMERO INTERNATIONAL NORMALISE DES LIVRES
International Standard Book Number 2-07-070335-5
040 ## - SOURCE DU CATALOGAGE
Original cataloging agency BUAC
041 ## - CODE DE LANGUE
Language code of text/sound track or separate title Fr.
100 ## - VEDETTE PRINCIPALE - NOM DE PERSONNE
Personal name Koyré, Alexandre
9 (RLIN) 7530
245 ## - TITLE STATEMENT
Title Etudes d'histoire de la pensée scientifique
Statement of responsibility, etc / Alexandre Koyoré
260 ## - PUBLICATION, DISTRIBUTION, ETC. (IMPRINT)
Place of publication, distribution, etc Paris :
Name of publisher, distributor, etc Gallimard,
Date of publication, distribution, etc 1990
300 ## - PHYSICAL DESCRIPTION
Extent 364p
Dimensions 19 cm.
440 ## - SERIES STATEMENT/ADDED ENTRY--TITLE
Number of part/section of a work 57)
Title (Tel gallimard
9 (RLIN) 7531
500 ## - GENERAL NOTE
General note porte au verso de la page du titre la mension "Cet ouvrage a précédemment paru dans Bibliothèque des idées en 1971"
630 ## - SUBJECT ADDED ENTRY--UNIFORM TITLE
Uniform title PHILOSOPHIE
9 (RLIN) 7532
650 ## - SUBJECT ADDED ENTRY--TOPICAL TERM
Topical term or geographic name as entry element Système philosophique
9 (RLIN) 7533
942 ## - ADDED ENTRY ELEMENTS (KOHA)
Koha item type Livre
Holdings
Withdrawn status Lost status Damaged status Not for loan Location (home branch) Sublocation or collection (holding branch) Date acquired Source of acquisition Koha issues (times borrowed) Koha full call number Koha date last seen Copy number Price effective from Koha item type
        Bibliothèque Universitaire Centrale Bibliothèque Universitaire Centrale   Achat   140 KOY 28/07/2010 1 28/07/2010 Livre


© 2008, Bibliothèques de l'Université d'Abomey-Calavi

04 BP 789 Cotonou, Tél. : +229 21 36 01 01, Fax : +229 21 35 06 32

Courriel : bu@bu.uac.bj